| 000 | 01344cas a2200385 a 4500 | ||
|---|---|---|---|
| 001 | 14109 | ||
| 003 | BD-RjUL | ||
| 005 | 20211208235555.0 | ||
| 008 | 140205d1960 nyuuu m b 0 1 a0eng c | ||
| 030 | _aAOMRA7 | ||
| 035 | _a(bd-rjul)14161 | ||
| 040 |
_aMnMULS _cMnMULS _dNSDP _dDLC _dOCoLC _dAIP _dOCoLC _dNST _dMH _dNSDP _dNST _dDNLM _dOCoLC _dNLGGC _dCaQQL _dOCoLC _dDNLM _dNIALS _dDNAL _dOCoLC _beng |
||
| 041 | _aeng | ||
| 060 | 0 | 0 |
_aW1 _bAD692 |
| 070 | 0 |
_a381 _bAd95 |
|
| 072 | 0 | _aX500 | |
| 082 | 0 | 0 |
_a547 _bADV 1960 |
| 245 | 0 | 0 |
_aAdvances in organic chemistry. _nV-1 |
| 260 |
_aNew York : _bInterscience Publishers, _c1960 |
||
| 300 |
_a v.387 p. : _bdiagrs. ; _c24 cm. |
||
| 500 | _aFinal issue consulted. | ||
| 504 | _aIncludes includes and bibliographical references. | ||
| 510 | 2 |
_aChemical abstracts _x0009-2258 |
|
| 650 | 0 |
_aChemistry, Organic. _944074 |
|
| 650 | 2 |
_aChemistry, Organic _vPeriodicals. _932031 |
|
| 650 | 1 | 7 |
_aOrganische chemie. _2gtt _933494 |
| 650 | 6 |
_aChimie organique. _944075 |
|
| 700 | 1 |
_aRaphael, Ralph Alexander, _d1921- _eed. _944076 |
|
| 936 | _aUnknown | ||
| 942 |
_2ddc _cBK |
||
| 999 |
_c14109 _d14109 |
||